| 000 | 00594nam a2200169 a 4500 | ||
|---|---|---|---|
| 008 | 120416s1970 ||||||||||||||||| || u | ||
| 050 | _aJF 60 Fro | ||
| 100 | _aRiggs, Fred W | ||
| 245 | 1 | 0 | _aFrontiers of development administration |
| 246 | _aA. Doak Barnett | ||
| 260 |
_aDurham, N.C. _bDuke University Press _c1970 |
||
| 300 | _axxiv, 623p. | ||
| 350 | _a0.00 | ||
| 650 | _aADMINISTRATION--POLITICAL ASPECTS | ||
| 650 | _aADMINISTRATION | ||
| 995 |
_D0.00 _FCBU-MAIN LIBRARY (Kitwe) _H1 _I0.00 _M1 _UOUT _ZMain Library Open Access Collection |
||
| 999 |
_c44068 _d44068 |
||